Electrical technology: electrical fundamentals (Volume-I) (Record no. 12609)

000 -LEADER
fixed length control field 00446nam a22001457a 4500
020 ## - INTERNATIONAL STANDARD BOOK NUMBER
International Standard Book Number 9788131785935
082 ## - DEWEY DECIMAL CLASSIFICATION NUMBER
Classification number 621.3 BAL
100 ## - MAIN ENTRY--PERSONAL NAME
Personal name Bali, Surinder PAl
245 ## - TITLE STATEMENT
Title Electrical technology: electrical fundamentals (Volume-I)
260 ## - PUBLICATION, DISTRIBUTION, ETC.
Place of publication, distribution, etc. New Delhi, India
Name of publisher, distributor, etc. Pearson Education
Date of publication, distribution, etc. 2013
300 ## - PHYSICAL DESCRIPTION
Extent xii, 592 p.
Other physical details ill. ;
500 ## - GENERAL NOTE
General note Includes index.
650 ## - SUBJECT ADDED ENTRY--TOPICAL TERM
Topical term or geographic name entry element 1. Optical communications. 2. Broadcasting. 3. Telecommunication.
942 ## - ADDED ENTRY ELEMENTS (KOHA)
Koha item type Book
Holdings
Withdrawn status Lost status Damaged status Not for loan Collection code Permanent Location Current Location Shelving location Date acquired Source of acquisition Cost, normal purchase price Total Checkouts Full call number Barcode Date last seen Price effective from Koha item type
          Central Library (CL) Central Library (CL) General Stacks 12/27/2013 Allied Book Company 400.00   621.3 BAL SEECS013016 01/11/2014 01/11/2014 Book
© 2023 Central Library, National University of Sciences and Technology. All Rights Reserved.